| 000 | 00648nam a2200193 4500 | ||
|---|---|---|---|
| 001 | 112185 | ||
| 003 | ES-MaACL | ||
| 005 | 20251122063120.0 | ||
| 007 | t| | ||
| 008 | 061121s1939 sp r ||||1| spa d | ||
| 100 | 1 |
_aOrtega, Miguel, _d1911-2006 _987423 |
|
| 245 | 1 | 0 |
_aVitaminas como biocatalizadores _b: función-clínica terapeútica / _cMiguel Ortega. |
| 260 |
_aMadrid : _b[s.n.], _c1939 ( _fImp. Galo Sèz) |
||
| 300 |
_a385 p. ; _c19 cm. |
||
| 490 | 1 | _aBiblioteca `nuevos hechos. nuevas ideas` | |
| 830 | 0 |
_aBiblioteca `nuevos hechos. nuevas ideas` _9233110 |
|
| 852 |
_aES-MaACL _jA-5135 _bR.18125 |
||
| 999 |
_c112185 _d112185 |
||